| Tag |
First Indicator |
Second Indicator |
Subfields |
| LEADER |
00000cam a2200000 4500 |
| 001 |
in00000067636 |
| 005 |
20151008050148.0 |
| 008 |
731213s1922 nyu 00000 eng u |
| 010 |
|
|
|a 22016753
|
| 035 |
|
|
|a (OCoLC)00759924
|
| 035 |
|
|
|9 AAF9944AM
|
| 040 |
|
|
|c MDY
|d TXA
|d UtOrBLW
|
| 049 |
|
|
|a TXAM
|
| 050 |
|
0 |
|a JX1407
|b .L3 1922
|
| 082 |
0 |
|
|a 327.73
|
| 090 |
|
|
|a JZ1469
|b .L37 1922
|
| 092 |
|
|
|a 327.73
|b L351f2
|
| 100 |
1 |
|
|a Latané, John Holladay,
|d 1869-1932.
|
| 245 |
1 |
0 |
|a From isolation to leadership ;
|b a review of American foreign policy /
|c by John Holladay Latane ...
|
| 250 |
|
|
|a Rev. ed ...
|
| 264 |
|
1 |
|a Garden City, N. Y. :
|b Doubleday, Page,
|c 1922.
|
| 300 |
|
|
|a 296 pages ;
|c 19 cm.
|
| 336 |
|
|
|a text
|b txt
|2 rdacontent
|
| 337 |
|
|
|a unmediated
|b n
|2 rdamedia
|
| 338 |
|
|
|a volume
|b nc
|2 rdacarrier
|
| 651 |
|
0 |
|a United States
|x Foreign relations.
|
| 948 |
|
|
|a acc.#s needs to be deleted when other pieces are ww/BLW/04/20/95
|
| 999 |
|
|
|a MARS
|
| 999 |
f |
f |
|s ad7a3431-167b-31c7-abe0-114bbd04e5a9
|i 0d2d360e-8655-3f3b-9782-825ca9b4b8f9
|t 0
|
| 952 |
f |
f |
|p normal
|a Texas A&M University
|b College Station
|c Sterling C. Evans Library
|d Evans: Library Stacks
|t 0
|e JZ1469 .L37 1922
|h Library of Congress classification
|i unmediated -- volume
|m A14800678680
|
| 952 |
f |
f |
|p ric
|a Texas A&M University
|b Rellis Campus
|c Joint Library Facility
|d Remote Storage
|t 0
|e JZ1469 .L37 1922
|h Library of Congress classification
|i unmediated -- volume
|m A14800678591
|
| 998 |
f |
f |
|a JZ1469 .L37 1922
|t 0
|l Remote Storage
|
| 998 |
f |
f |
|a JZ1469 .L37 1922
|t 0
|l Evans: Library Stacks
|